[Event "AI Cup Play In"]
[Site "Chess.com INT"]
[Date "2023.09.18"]
[Round "9"]
[White "Yakubboev, Nodirbek"]
[Black "Kobo, Ori"]
[Result "1/2-1/2"]
[WhiteElo "2617"]
[BlackElo "2551"]
[PlyCount "49"]
[EventDate "2023.09.18"]
[EventType "swiss (rapid)"]
[EventRounds "9"]
[EventCountry "USA"]
[SourceTitle "EXT 2024"]
[Source "ChessBase"]
[SourceDate "2023.10.10"]
[SourceVersion "1"]
[SourceVersionDate "2023.10.10"]
[SourceQuality "1"]

1. e4 e6 2. d4 d5 3. Nc3 Nf6 4. Bg5 dxe4 5. Nxe4 Be7 6. Bxf6 gxf6 7. Qd3 Nc6 8. Nf3 f5 9. Ng3 h5 10. 0-0-0 h4 11. Ne2 Bd7 12. Qd2 Bf6 13. Nf4 Ne7 14. d5 Nxd5 15. Nxd5 exd5 16. Qxd5 c6 17. Qb3 Qc7 18. Bc4 0-0-0 19. Bxf7 Kb8 20. Be6 Bxe6 21. Qxe6 Qg7 22. Qb3 Qxg2 23. Qe3 Qg4 24. Rxd8+ Rxd8 25. h3 1/2-1/2

[Event "Titled Tuesday intern op 12th Sep Early"]
[Site "Chess.com INT"]
[Date "2023.09.12"]
[Round "1"]
[White "Kobo, Ori"]
[Black "Sreyas, Payyappat"]
[Result "0-1"]
[WhiteElo "2551"]
[BlackElo "2075"]
[PlyCount "110"]
[EventDate "2023.09.12"]
[EventType "swiss (blitz)"]
[EventRounds "11"]
[EventCountry "USA"]
[SourceTitle "EXT 2024"]
[Source "ChessBase"]
[SourceDate "2023.10.10"]
[SourceVersion "1"]
[SourceVersionDate "2023.10.10"]
[SourceQuality "1"]

1. d4 Nf6 2. Nf3 c5 3. e3 e6 4. Bd3 Nc6 5. 0-0 d5 6. b3 Bd6 7. Bb2 0-0 8. dxc5 Bxc5 9. a3 Bd6 10. b4 a6 11. Nbd2 e5 12. e4 d4 13. c3 dxc3 14. Bxc3 Bxb4 15. axb4 Qxd3 16. Bxe5 Nxe5 17. Nxe5 Qd4 18. Ndc4 Qxd1 19. Rfxd1 Be6 20. Nb6 Rad8 21. f3 Rfe8 22. Kf2 Rxd1 23. Rxd1 Bb3 24. Rd3 Bc2 25. Rc3 Bxe4 26. Nec4 Nd5 27. Nxd5 Bxd5 28. Nd6 Rd8 29. Rc7 g6 30. Nxb7 Rb8 31. Nc5 Bc4 32. g4 Rxb4 33. g5 Kg7 34. Nd7 h6 35. h4 Be6 36. Nc5 Bf5 37. Kg3 hxg5 38. hxg5 a5 39. Ra7 Rb5 40. Rc7 Kf8 41. Kf4 a4 42. Ke5 Kg7 43. Kd6 Ra5 44. Nb7 Ra7 45. Kc5 a3 46. Kb6 a2 47. Kxa7 a1Q+ 48. Kb8 Qe5 49. Nd8 Kf8 50. Nc6 Qf4 51. Kb7 Qxf3 52. Kb6 Be4 53. Ne5 Qf2+ 54. Kb5 Qb2+ 55. Kc5 Qxe5+ 0-1

[Event "Titled Tuesday intern op 12th Sep Early"]
[Site "Chess.com INT"]
[Date "2023.09.12"]
[Round "11"]
[White "Sarana, Alexey"]
[Black "Kobo, Ori"]
[Result "0-1"]
[WhiteElo "2693"]
[BlackElo "2551"]
[PlyCount "116"]
[EventDate "2023.09.12"]
[EventType "swiss (blitz)"]
[EventRounds "11"]
[EventCountry "USA"]
[SourceTitle "EXT 2024"]
[Source "ChessBase"]
[SourceDate "2023.10.10"]
[SourceVersion "1"]
[SourceVersionDate "2023.10.10"]
[SourceQuality "1"]

1. d4 Nf6 2. c4 g6 3. Nc3 Bg7 4. e4 d6 5. Be2 0-0 6. Be3 a5 7. Nf3 Ng4 8. Bc1 e5 9. 0-0 Nc6 10. d5 Ne7 11. Ne1 f5 12. Nd3 b6 13. f3 Nf6 14. g4 Kh8 15. Bd2 Bd7 16. Kh1 Neg8 17. Rg1 fxe4 18. fxe4 Qe7 19. Be3 Rf7 20. g5 Ne8 21. Bg4 c6 22. dxc6 Bxc6 23. Nd5 Bxd5 24. cxd5 Nc7 25. Rc1 Nb5 26. Be6 Rff8 27. Bxb6 Nd4 28. Rc7 Qe8 29. Rd7 Nxe6 30. dxe6 Qxe6 31. Rc7 Rf7 32. Rxf7 Qxf7 33. Qe2 Rf8 34. b3 a4 35. bxa4 Qc4 36. a5 Ne7 37. Nf4 Qg8 38. Ng2 Nc6 39. a6 Nd4 40. Bxd4 exd4 41. Rc1 Ra8 42. Rc6 Be5 43. Ne1 Qe8 44. Qc4 Bf4 45. Qxd4+ Be5 46. Qc4 Qf8 47. Qe2 Qf4 48. Nf3 Rb8 49. Nxe5 Rb1+ 50. Kg2 dxe5 51. Rc8+ Kg7 52. Rc7+ Kh8 53. Rc8+ Kg7 54. Qf3 Rb2+ 55. Kg1 Qxf3 56. Rc7+ Kf8 57. Rc8+ Ke7 58. Rc7+ Kd6 0-1

[Event "Titled Tuesday intern op 12th Sep Early"]
[Site "Chess.com INT"]
[Date "2023.09.12"]
[Round "4"]
[White "Skawinski, Arkadiusz"]
[Black "Kobo, Ori"]
[Result "0-1"]
[WhiteElo "2343"]
[BlackElo "2551"]
[PlyCount "90"]
[EventDate "2023.09.12"]
[EventType "swiss (blitz)"]
[EventRounds "11"]
[EventCountry "USA"]
[SourceTitle "EXT 2024"]
[Source "ChessBase"]
[SourceDate "2023.10.10"]
[SourceVersion "1"]
[SourceVersionDate "2023.10.10"]
[SourceQuality "1"]

1. e4 c5 2. Nf3 d6 3. Bb5+ Bd7 4. Bxd7+ Nxd7 5. 0-0 Ngf6 6. Qe2 e6 7. c4 Ne5 8. Nxe5 dxe5 9. d3 Be7 10. Be3 0-0 11. Nc3 Nd7 12. a3 Nb8 13. Rfb1 Nc6 14. Na4 b6 15. Qd2 Qd7 16. b4 cxb4 17. axb4 Rad8 18. c5 b5 19. Nc3 Rb8 20. Ra6 Rfd8 21. Ne2 Qc8 22. Rba1 Rb7 23. h3 Rbd7 24. R1a3 Rxd3 25. Rxd3 Qxa6 26. Rxd8+ Bxd8 27. Qd7 Be7 28. Bg5 Bf8 29. Kh2 h6 30. Bh4 Nxb4 31. Qe8 Qc6 32. Qb8 Qxc5 33. Ng3 Nc6 34. Qc8 Nd4 35. Qb8 a5 36. Nh5 Qd6 37. Qa8 a4 38. Bg3 a3 39. f4 exf4 40. Bxf4 e5 41. Bd2 b4 42. Ng3 Nf3+ 43. gxf3 Qxd2+ 44. Kh1 Qd1+ 45. Kg2 Qd2+ 0-1

[Event "Titled Tuesday intern op 08th Aug Late"]
[Site "Chess.com INT"]
[Date "2023.08.08"]
[Round "1"]
[White "Bogaudinov, Rushan"]
[Black "Kobo, Ori"]
[Result "0-1"]
[WhiteElo "1853"]
[BlackElo "2555"]
[PlyCount "96"]
[EventDate "2023.08.08"]
[EventType "swiss (blitz)"]
[EventRounds "11"]
[EventCountry "USA"]
[SourceTitle "EXT 2024"]
[Source "ChessBase"]
[SourceDate "2023.10.10"]
[SourceVersion "1"]
[SourceVersionDate "2023.10.10"]
[SourceQuality "1"]

1. e4 c5 2. Nf3 d6 3. g3 Nf6 4. Nc3 Nc6 5. Bg2 g6 6. 0-0 Bg7 7. Re1 0-0 8. d3 Rb8 9. a4 a6 10. Bg5 b5 11. axb5 axb5 12. Qd2 b4 13. Nd5 Bg4 14. Bxf6 exf6 15. h3 Be6 16. c4 bxc3 17. bxc3 f5 18. Nf4 Bd7 19. Nd5 Be6 20. Nf4 Bd7 21. Nd5 fxe4 22. dxe4 Re8 23. Rad1 Qa5 24. c4 Qxd2 25. Rxd2 Be6 26. Nc7 Red8 27. Nxe6 fxe6 28. Red1 Nd4 29. Nxd4 Bxd4 30. Rxd4 cxd4 31. Rxd4 Rb1+ 32. Kh2 e5 33. Rd5 Rc1 34. f4 exf4 35. gxf4 Rxc4 36. e5 Rxf4 37. exd6 Rf6 38. d7 Rf7 39. Re5 Rfxd7 40. Kg3 Kg7 41. Re2 Rd3+ 42. Kh2 R8d7 43. Rb2 Rd2 44. Rb6 Re7 45. Rb3 Ree2 46. Rg3 Rb2 47. Kg1 Red2 48. Be4 Rd1# 0-1

[Event "Titled Tuesday intern op 08th Aug Late"]
[Site "Chess.com INT"]
[Date "2023.08.08"]
[Round "2"]
[White "Kobo, Ori"]
[Black "Bochnicka, Vladimir1111"]
[Result "1-0"]
[WhiteElo "2555"]
[BlackElo "2368"]
[PlyCount "93"]
[EventDate "2023.08.08"]
[EventType "swiss (blitz)"]
[EventRounds "11"]
[EventCountry "USA"]
[SourceTitle "EXT 2024"]
[Source "ChessBase"]
[SourceDate "2023.10.10"]
[SourceVersion "1"]
[SourceVersionDate "2023.10.10"]
[SourceQuality "1"]

1. e4 c5 2. Nc3 Nc6 3. Bb5 Nd4 4. Nf3 e6 5. 0-0 Ne7 6. Nxd4 cxd4 7. Ne2 a6 8. Bd3 Nc6 9. c3 Bc5 10. b4 Ba7 11. cxd4 Nxd4 12. Bb2 Nxe2+ 13. Qxe2 Qg5 14. Kh1 e5 15. g3 d6 16. f4 Qe7 17. fxe5 dxe5 18. Qh5 Bd4 19. Bxd4 exd4 20. e5 Be6 21. a3 0-0-0 22. Rf4 Kb8 23. Raf1 g6 24. Qe2 Rhe8 25. Kg1 Bh3 26. Re1 Rd5 27. Bc4 Rxe5 28. Qxe5+ Qxe5 29. Rxe5 Rxe5 30. Rxf7 h5 31. Kf2 Bf5 32. Be2 d3 33. Bf3 Be4 34. Rd7 Kc8 35. Rd4 Bxf3 36. Kxf3 Re2 37. Rxd3 Rxh2 38. Kf4 h4 39. g4 Re2 40. Kg5 h3 41. Rxh3 Rxd2 42. Kxg6 Kc7 43. g5 Rg2 44. Rf3 Kb6 45. Kf6 Kb5 46. g6 Ka4 47. g7 1-0

[Event "Titled Tuesday intern op 08th Aug Late"]
[Site "Chess.com INT"]
[Date "2023.08.08"]
[Round "4"]
[White "Sameer, Loay"]
[Black "Kobo, Ori"]
[Result "1/2-1/2"]
[WhiteElo "2206"]
[BlackElo "2555"]
[PlyCount "37"]
[EventDate "2023.08.08"]
[EventType "swiss (blitz)"]
[EventRounds "11"]
[EventCountry "USA"]
[SourceTitle "EXT 2024"]
[Source "ChessBase"]
[SourceDate "2023.10.10"]
[SourceVersion "1"]
[SourceVersionDate "2023.10.10"]
[SourceQuality "1"]

1. Nf3 Nf6 2. g3 c5 3. Bg2 Nc6 4. 0-0 e5 5. d3 d5 6. Nbd2 Be7 7. e4 0-0 8. exd5 Nxd5 9. Re1 f6 10. c3 Kh8 11. a4 Bf5 12. Nc4 Qd7 13. Nh4 Be6 14. Qh5 Kg8 15. f4 Bf7 16. Qf5 Be6 17. Qh5 Bf7 18. Qf5 Be6 19. Qh5 1/2-1/2